Communalism: (Record no. 15591)

MARC details
000 -LEADER
fixed length control field 01045nam a22002417a 4500
005 - DATE AND TIME OF LATEST TRANSACTION
control field 20080923102150.0
008 - FIXED-LENGTH DATA ELEMENTS--GENERAL INFORMATION
fixed length control field 080923t xxu||||| |||| 00| 0 eng d
010 ## - LCCN (DPL NO)
LC control number ENG-91037
020 ## - INTERNATIONAL STANDARD BOOK NUMBER
Terms of availability 60.00
035 ## - SYSTEM CONTROL NUMBER
System control number EN-74570
037 ## - SOURCE OF ACQUISITION
Source of stock number/acquisition DBAD / PUB
040 ## - CATALOGING SOURCE
Original cataloging agency dpl
Language of cataloging English
082 ## - DEWEY DECIMAL CLASSIFICATION NUMBER
Classification number 302.14
100 ## - MAIN ENTRY--PERSONAL NAME
Personal name Puniyani, Ram
245 ## - TITLE STATEMENT
Title Communalism:
Statement of responsibility, etc by Ram Puniyani
Remainder of title illustrated primer /
260 ## - PUBLICATION, DISTRIBUTION, ETC. (IMPRINT)
Place of publication, distribution, etc Mumbai
Name of publisher, distributor, etc Bombay Sarvodaya Friendship Centre
Date of publication, distribution, etc 2007
270 ## - ADDRESS
City Mumbai
Address 701, Sainath Estate, Opp, Lokmanya Vidyalaya, Neelam Nagar, Mulund(E)
Postal code 400081
300 ## - PHYSICAL DESCRIPTION
Extent 128p.:
Dimensions 25 cm (pbk)
Other physical details ill.
650 ## - SUBJECT ADDED ENTRY--TOPICAL TERM
Topical term or geographic name as entry element Communalism
942 ## - ADDED ENTRY ELEMENTS (KOHA)
Source of classification or shelving scheme Dewey Decimal Classification
Item type English Books
Call number suffix PUN
Classification part 302.14
Holdings
Withdrawn status Lost status Source of classification or shelving scheme Damaged status Not for loan Collection code Home library Current library Date acquired Source of acquisition Cost, normal purchase price Total Checkouts Full call number Barcode Date last seen Copy number Cost, replacement price Koha item type
    Dewey Decimal Classification   Not For Loan Non-fiction D.B.Act.Division D.B.Act.Division 23/09/2008 DBAD / PUB 60.00   302.14 PUN EN-74570 23/09/2008 1 60.00 English Books
    Dewey Decimal Classification     Non-fiction Vinoba Puri Vinoba Puri 09/03/2009   60.00 2 302.14 PUN B-317813 28/03/2013 1 60.00 English Books

© Delhi Public Library
Hit Counter
free hit counter